00967nam a2200205Ia 4500003000900000008004100009040001600050080002200066111007000088245040000158260003900558300001400597490001500611650002700626650003000653650001700683650002000700700002100720700002000741IN-BaIIA211028s9999 xx 000 0 eng d cIIA Library a535.417(063)bESO aColloquium on Kilometric Optical Arrays in Spaced1984 Oct. 23-25 0aproceedings of the colloquium on kilometric optical arrays in spacebproceedings of the colloquium on kilometric optical arrays in space, 23-25 October, 1984, Cargèse, Corsica, France / co-sponsored by the European Space Agency (ESA), Centre d'Etudes et de Recherches, Geeodynamiques et Astronomiques (CERGA)cedited by N. Longdon and O. Melita  aParisbEuropean Space Agencyc1985 avi, 194p. aESA SP-226 aInterferometric arrays aKilometric optical arrays aSpace arrays aSpace telescope aLongdon, N., ed. aMelita, O., ed.